Háborús konfliktusok és erkölcs
Elmentve itt :
| További közreműködők: | |
|---|---|
| Adatforrás: | Philobibl |
| Dokumentumtípus: | Könyv |
| Nyelv: | magyar |
| Kulcsszavak: | háború hadtörténet etika politikai filozófia |
| Megjelent: |
Budapest
Áron
2014
|
| LEADER | 00425nam a2200157 c 4500 | ||
|---|---|---|---|
| 001 | bibJAT00884478 | ||
| 005 | 20220802134401.4 | ||
| 008 | 141018s2014 hu 00110 hun d | ||
| 245 | 0 | 0 | |a Háborús konfliktusok és erkölcs |c szerk. Karikó Sándor |
| 260 | |a Budapest |b Áron |c 2014 | ||
| 300 | |a 215 p. |c 21 cm | ||
| 695 | |a háború | ||
| 695 | |a hadtörténet | ||
| 695 | |a etika | ||
| 695 | |a politikai filozófia | ||
| 700 | 1 | |a Karikó Sándor | |